[Event "Echiquier Royal-ch"]
[Site "Gatineau CAN"]
[Date "2001.03.23"]
[Round "5"]
[White "Gagnon, Fabien"]
[Black "Pilon, Robert"]
[Result "1-0"]
[WhiteElo "2071"]
[BlackElo "1617"]
[PlyCount "91"]
[GameId "2160767911610434"]
[EventDate "2001.02.23"]
[EventType "tourn"]
[EventRounds "5"]
[EventCountry "CAN"]

1. e4 Nc6 2. Nf3 d6 3. h3 Nf6 4. Nc3 a6 5. d4 e6 6. Be3 b5 7. a3 Bb7 8. Bd3 e5 9. d5 Ne7 10. Qd2 h6 11. Be2 c6 12. dxc6 Nxc6 13. b4 Be7 14. Rd1 O-O 15. g4 Nd4 16. Qd3 Nxf3+ 17. Bxf3 Nh7 18. Ne2 Ng5 19. Bg2 Ne6 20. O-O Rc8 21. Rc1 Rc4 22. Rfd1 Qa8 23. f3 Rd8 24. Ng3 d5 25. exd5 Bxd5 26. Qe2 Bc6 27. Rxd8+ Qxd8 28. c3 Bg5 29. Nf5 Bxe3+ 30. Qxe3 f6 31. Bf1 Rf4 32. Be2 Ng5 33. Rd1 Qc7 34. Qc5 Nxf3+ 35. Bxf3 Rc4 36. Qe3 Bxf3 37. Qxf3 Rxc3 38. Qd5+ Kh7 39. Qd6 Qa7+ 40. Kg2 Rc2+ 41. Rd2 Qb7+ 42. Kf2 Qa7+ 43. Ne3 Rc3 44. Rd3 Rc2+ 45. Ke1 Qb7 46. Nxc2 1-0

[Event "Edmonton-ch"]
[Site "Edmonton CAN"]
[Date "2001.01.04"]
[Round "1"]
[White "MacNab, John"]
[Black "Ottosen, David"]
[Result "1/2-1/2"]
[WhiteElo "1670"]
[BlackElo "2141"]
[PlyCount "164"]
[GameId "2160767911618741"]
[EventDate "2001.01.10"]
[EventType "swiss"]
[EventRounds "8"]
[EventCountry "CAN"]
[SourceTitle "EXT 2017"]
[Source "ChessBase"]
[SourceDate "2016.10.25"]
[SourceVersion "1"]
[SourceVersionDate "2016.10.25"]
[SourceQuality "1"]

1. e4 c5 2. Nf3 Nc6 3. d4 cxd4 4. Nxd4 e5 5. Nb5 d6 6. Bc4 a6 7. N5c3 Be7 8. Qh5 g6 9. Qd1 Nd4 10. Be3 Bg4 11. Qd2 Rc8 12. Bb3 Nxb3 13. axb3 Nf6 14. O-O O-O 15. h3 Be6 16. Rd1 Qd7 17. Bg5 Rfd8 18. Bxf6 Bxf6 19. Nd5 Bxd5 20. exd5 Qf5 21. c4 b5 22. Rxa6 bxc4 23. b4 Bg5 24. Qc3 Bh4 25. Qd2 Rb8 26. Ra4 Bg5 27. Qc3 Qd7 28. Qc2 Rdc8 29. Nc3 Bd8 30. Rda1 Bb6 31. Qd2 Bd4 32. Qg5 Bxc3 33. bxc3 Rb5 34. Ra7 Rc7 35. R7a6 Rxd5 36. Qf6 Rc8 37. Ra8 Rd1+ 38. Rxd1 Rxa8 39. Rxd6 Qf5 40. Qxf5 gxf5 41. Rc6 Kf8 42. Rxc4 Ke7 43. Rc6 Rb8 44. Kf1 Kd7 45. Rc5 Kd6 46. Ke2 Ra8 47. Ke3 Ra2 48. Rc8 f4+ 49. Kf3 f5 50. g4 e4+ 51. Kxf4 Rxf2+ 52. Ke3 Rf3+ 53. Kd4 Rd3+ 54. Kc4 fxg4 55. hxg4 Rg3 56. Kd4 e3 57. Kd3 Rxg4 58. Kxe3 h5 59. b5 Rg1 60. Kf2 Rb1 61. c4 Kd7 62. Rc5 Rb4 63. Kg3 Kd6 64. Rc8 Kd7 65. Rc6 Rb1 66. Rf6 Kc7 67. Rf4 Kb6 68. Kh4 Rh1+ 69. Kg5 Kc5 70. Rh4 Rd1 71. Kxh5 Rd8 72. Kg6 Rd1 73. Kf7 Re1 74. Kf6 Re2 75. Kf5 Re1 76. Re4 Rd1 77. Ke6 Rd2 78. Rh4 Rd1 79. Ke7 Rd2 80. Rh6 Kxc4 81. b6 Kc5 82. Rg6 Rb2 1/2-1/2

[Event "Edmonton-ch"]
[Site "Edmonton CAN"]
[Date "2001.01.11"]
[Round "1"]
[White "Ottosen, David"]
[Black "MacNab, John"]
[Result "1-0"]
[WhiteElo "2141"]
[BlackElo "1670"]
[PlyCount "75"]
[GameId "2160767911618742"]
[EventDate "2001.01.10"]
[EventType "swiss"]
[EventRounds "8"]
[EventCountry "CAN"]
[SourceTitle "EXT 2017"]
[Source "ChessBase"]
[SourceDate "2016.10.25"]
[SourceVersion "1"]
[SourceVersionDate "2016.10.25"]
[SourceQuality "1"]

1. e4 e6 2. d4 d5 3. exd5 exd5 4. c4 Bb4+ 5. Nc3 Nc6 6. cxd5 Qxd5 7. Be3 Nf6 8. Nf3 O-O 9. a3 Bxc3+ 10. bxc3 Na5 11. Bd3 Bf5 12. O-O Bxd3 13. Qxd3 Nc4 14. Nd2 Nxd2 15. Qxd2 Qc4 16. Rab1 b6 17. Rb4 Qc6 18. c4 Qd7 19. d5 c6 20. Bg5 Ne4 21. Qf4 Nxg5 22. Qxg5 cxd5 23. cxd5 Rad8 24. Rd4 Rfe8 25. d6 Re6 26. Rfd1 Rg6 27. Qe7 Re6 28. Qg5 Rg6 29. Qc1 Qb7 30. g3 Qb8 31. d7 Re6 32. Rc4 Rd6 33. Rdd4 Rxd4 34. Rxd4 Kf8 35. Qc6 f6 36. h4 Qe5 37. Re4 Qb8 38. Qe6 1-0

[Event "Edmonton-ch"]
[Site "Edmonton CAN"]
[Date "2001.01.18"]
[Round "2"]
[White "Ottosen, David"]
[Black "Wong, Ford"]
[Result "0-1"]
[WhiteElo "2141"]
[BlackElo "1933"]
[PlyCount "108"]
[GameId "2160767911618743"]
[EventDate "2001.01.10"]
[EventType "swiss"]
[EventRounds "8"]
[EventCountry "CAN"]
[SourceTitle "EXT 2017"]
[Source "ChessBase"]
[SourceDate "2016.10.25"]
[SourceVersion "1"]
[SourceVersionDate "2016.10.25"]
[SourceQuality "1"]

1. c4 g6 2. Nc3 Bg7 3. g3 c5 4. Bg2 Nc6 5. d3 d6 6. e4 e5 7. Nge2 Nge7 8. O-O O-O 9. Be3 a6 10. Qd2 Nd4 11. Bh6 Bd7 12. Bxg7 Kxg7 13. f4 b5 14. f5 Ng8 15. Nd5 Bc6 16. Nxd4 cxd4 17. Rf2 bxc4 18. Raf1 Bxd5 19. exd5 f6 20. dxc4 g5 21. b4 Qb6 22. Rc1 Rac8 23. a3 Nh6 24. Qd1 a5 25. h4 Nf7 26. Rb2 d3+ 27. Kh2 Qd4 28. Rd2 e4 29. hxg5 Nxg5 30. Qb3 axb4 31. axb4 Nf7 32. Bxe4 Qxe4 33. Qxd3 Qg4 34. Qd4 Qxf5 35. Rf2 Qg5 36. Rcf1 Ne5 37. Rf5 Qh6+ 38. Kg1 Rxc4 39. Qb2 Qe3+ 40. Kh2 Ng4+ 41. Kg2 Qe4+ 42. Kh3 Rc2 43. Rg5+ Kh6 44. Qxc2 Qxc2 45. Rxg4 Qd2 46. Ra1 Qxd5 47. Rh4+ Kg6 48. Rg4+ Kf7 49. Rh4 h5 50. Ra7+ Ke6 51. Ra1 Ra8 52. Re1+ Kf7 53. Rhe4 Ra2 54. Kh4 Rh2# 0-1

[Event "Edmonton-ch"]
[Site "Edmonton CAN"]
[Date "2001.01.25"]
[Round "2"]
[White "Gardner, Robert"]
[Black "Ludwig, David"]
[Result "1-0"]
[WhiteElo "2375"]
[BlackElo "1768"]
[PlyCount "43"]
[GameId "2160767911618744"]
[EventDate "2001.01.10"]
[EventType "swiss"]
[EventRounds "8"]
[EventCountry "CAN"]
[SourceTitle "EXT 2017"]
[Source "ChessBase"]
[SourceDate "2016.10.25"]
[SourceVersion "1"]
[SourceVersionDate "2016.10.25"]
[SourceQuality "1"]

1. d4 f5 2. Qd3 d5 3. g4 fxg4 4. h3 Nf6 5. Bg5 Qd6 6. Nc3 c6 7. O-O-O Na6 8. hxg4 Nxg4 9. Nh3 Nb4 10. Qd2 Bf5 11. f3 Nf6 12. e4 dxe4 13. fxe4 Nxe4 14. Nxe4 Bxe4 15. Bf4 Nxa2+ 16. Kb1 Bxh1 17. Bxd6 exd6 18. Re1+ Kd7 19. Kxa2 Be7 20. Nf4 g5 21. Bh3+ Kc7 22. Ne6+ 1-0

[Event "Edmonton-ch"]
[Site "Edmonton CAN"]
[Date "2001.01.25"]
[Round "2"]
[White "Wong, Ford"]
[Black "Ottosen, David"]
[Result "0-1"]
[WhiteElo "1933"]
[BlackElo "2141"]
[PlyCount "102"]
[GameId "2160767911618745"]
[EventDate "2001.01.10"]
[EventType "swiss"]
[EventRounds "8"]
[EventCountry "CAN"]
[SourceTitle "EXT 2017"]
[Source "ChessBase"]
[SourceDate "2016.10.25"]
[SourceVersion "1"]
[SourceVersionDate "2016.10.25"]
[SourceQuality "1"]

1. Nf3 e6 2. d4 b6 3. g3 Bb7 4. Bg2 f5 5. c4 Nf6 6. Nc3 Be7 7. Bg5 O-O 8. O-O h6 9. Bxf6 Bxf6 10. e3 d6 11. Re1 Nd7 12. Rc1 g5 13. Qc2 g4 14. Nh4 Bxg2 15. Nxg2 Qe8 16. Ne2 Rf7 17. e4 Bg5 18. Rcd1 c5 19. exf5 Rxf5 20. Nef4 cxd4 21. Rxe6 Qf7 22. Qe4 Rf8 23. Re7 Bxe7 24. Ne6 Re5 25. Qxg4+ Rg5 26. Qe2 Ne5 27. Nxf8 Nf3+ 28. Kh1 Rh5 29. h4 Kxf8 30. Qe4 Qf5 31. Qxf5+ Rxf5 32. Nf4 Bf6 33. Kg2 Nxh4+ 34. Kh3 Kf7 35. Nd5 Ng6 36. f4 h5 37. Kg2 Bg7 38. Kf3 Ne7 39. Ke4 Nxd5 40. cxd5 Rf6 41. f5 Rh6 42. Rh1 Be5 43. g4 h4 44. Rh3 Kf6 45. a4 Kg5 46. b4 Kxg4 47. Rh1 h3 48. a5 h2 49. axb6 Rh3 50. Re1 h1=B+ 51. Rxh1 Re3# 0-1

[Event "Edmonton-ch"]
[Site "Edmonton CAN"]
[Date "2001.01.29"]
[Round "2"]
[White "Ottosen, David"]
[Black "Wong, Ford"]
[Result "1-0"]
[WhiteElo "2141"]
[BlackElo "1933"]
[PlyCount "35"]
[GameId "2160767911618746"]
[EventDate "2001.01.10"]
[EventType "swiss"]
[EventRounds "8"]
[EventCountry "CAN"]
[SourceTitle "EXT 2017"]
[Source "ChessBase"]
[SourceDate "2016.10.25"]
[SourceVersion "1"]
[SourceVersionDate "2016.10.25"]
[SourceQuality "1"]

1. f4 Nc6 2. e4 e5 3. Nf3 d6 4. Bc4 h6 5. O-O Nf6 6. Nc3 exf4 7. d4 Bg4 8. Bxf4 Qd7 9. h3 Bxf3 10. Rxf3 O-O-O 11. Bb5 a6 12. Ba4 d5 13. Be5 Nxe4 14. Nxe4 dxe4 15. Bxc6 Qxc6 16. Rc3 Bd6 17. Rxc6 Bxe5 18. Qg4+ 1-0

[Event "Edmonton-ch"]
[Site "Edmonton CAN"]
[Date "2001.01.29"]
[Round "2"]
[White "Wong, Ford"]
[Black "Ottosen, David"]
[Result "0-1"]
[WhiteElo "1933"]
[BlackElo "2141"]
[PlyCount "58"]
[GameId "2160767911618747"]
[EventDate "2001.01.10"]
[EventType "swiss"]
[EventRounds "8"]
[EventCountry "CAN"]
[SourceTitle "EXT 2017"]
[Source "ChessBase"]
[SourceDate "2016.10.25"]
[SourceVersion "1"]
[SourceVersionDate "2016.10.25"]
[SourceQuality "1"]

1. d4 d5 2. c4 c6 3. Nc3 e6 4. Nf3 dxc4 5. e4 b5 6. a4 Bb4 7. Bd2 Bb7 8. axb5 Bxc3 9. bxc3 cxb5 10. e5 Ne7 11. Ng5 Nd5 12. Qh5 g6 13. Qg4 Qd7 14. Ne4 O-O 15. Nf6+ Nxf6 16. exf6 Qd5 17. Bh6 Re8 18. Qg3 Nd7 19. Bg7 e5 20. O-O-O exd4 21. Rxd4 Qf5 22. Qh4 h5 23. Rxd7 Qxd7 24. Qg5 Re1+ 25. Kb2 Qd1 26. Bxc4 Qa1+ 27. Kb3 bxc4+ 28. Kxc4 Rc8+ 29. Kd4 Qxc3# 0-1

[Event "Edmonton-ch"]
[Site "Edmonton CAN"]
[Date "2001.02.01"]
[Round "3"]
[White "Hughey, Micah"]
[Black "Gardner, Robert"]
[Result "1-0"]
[WhiteElo "2083"]
[BlackElo "2375"]
[PlyCount "59"]
[GameId "2160767911618748"]
[EventDate "2001.01.10"]
[EventType "swiss"]
[EventRounds "8"]
[EventCountry "CAN"]
[SourceTitle "EXT 2017"]
[Source "ChessBase"]
[SourceDate "2016.10.25"]
[SourceVersion "1"]
[SourceVersionDate "2016.10.25"]
[SourceQuality "1"]

1. d4 f5 2. e4 d6 3. Nc3 g6 4. Bd3 e6 5. Nge2 Bg7 6. Be3 Ne7 7. f3 b6 8. Qd2 h6 9. h4 Bb7 10. Nf4 Qd7 11. d5 exd5 12. exd5 c6 13. O-O-O cxd5 14. Bb5 Bc6 15. Nfxd5 Nxd5 16. Bxc6 Nxc6 17. Nxd5 Ne5 18. Rhe1 O-O 19. Bxh6 Nc4 20. Qg5 Bxb2+ 21. Kb1 Qb5 22. Ne7+ Kh7 23. Qxg6+ Kh8 24. a4 Qb4 25. Nd5 Qa3 26. Bg7+ Bxg7 27. Qh5+ Bh6 28. Qxh6+ Kg8 29. Ne7+ Kf7 30. Qg6# 1-0

[Event "Edmonton-ch"]
[Site "Edmonton CAN"]
[Date "2001.02.01"]
[Round "3"]
[White "Ottosen, David"]
[Black "Grumic, Sasha"]
[Result "1-0"]
[WhiteElo "2141"]
[BlackElo "2212"]
[PlyCount "79"]
[GameId "2160767911618749"]
[EventDate "2001.01.10"]
[EventType "swiss"]
[EventRounds "8"]
[EventCountry "CAN"]
[SourceTitle "EXT 2017"]
[Source "ChessBase"]
[SourceDate "2016.10.25"]
[SourceVersion "1"]
[SourceVersionDate "2016.10.25"]
[SourceQuality "1"]

1. e4 c5 2. Nc3 Nc6 3. f4 g6 4. Nf3 Bg7 5. Bb5 Nd4 6. a4 a6 7. Bc4 d6 8. Nxd4 cxd4 9. Ne2 e6 10. O-O Nf6 11. Ng3 d5 12. exd5 Nxd5 13. Qf3 O-O 14. Bxd5 exd5 15. d3 h5 16. f5 h4 17. f6 Bh8 18. Ne2 Qb6 19. Qf4 Bf5 20. Qxd4 Qxf6 21. Qxd5 Qb6+ 22. Kh1 Rad8 23. Qf3 h3 24. gxh3 Bd7 25. Ng3 Bc6 26. Ne4 f5 27. Rg1 Rd6 28. Bh6 Re8 29. Qxf5 Kh7 30. Qf4 Rf6 31. Qh4 Kg8 32. Rg2 Rfe6 33. Rag1 Bxe4 34. dxe4 Bd4 35. Rf1 Rxe4 36. Qh5 R4e6 37. Qd5 Kh8 38. a5 Re1 39. Bg7+ Kxg7 40. Qf7+ 1-0

[Event "Edmonton-ch"]
[Site "Edmonton CAN"]
[Date "2001.02.08"]
[Round "3"]
[White "Gardner, Robert"]
[Black "Hughey, Micah"]
[Result "1-0"]
[WhiteElo "2375"]
[BlackElo "2083"]
[PlyCount "59"]
[GameId "2160767911618750"]
[EventDate "2001.01.10"]
[EventType "swiss"]
[EventRounds "8"]
[EventCountry "CAN"]
[SourceTitle "EXT 2017"]
[Source "ChessBase"]
[SourceDate "2016.10.25"]
[SourceVersion "1"]
[SourceVersionDate "2016.10.25"]
[SourceQuality "1"]

1. c4 e6 2. e4 d5 3. cxd5 exd5 4. exd5 Nf6 5. Bb5+ Bd7 6. Bc4 Bf5 7. Nc3 Nbd7 8. d3 Be7 9. h3 Nb6 10. Qf3 Bg6 11. Nge2 O-O 12. Be3 Qd7 13. Nf4 Rad8 14. a3 Bd6 15. Nxg6 fxg6 16. O-O Kh8 17. Qd1 Qf5 18. Nb5 Be5 19. f4 Bxb2 20. Rb1 Nbxd5 21. Bxa7 Bc3 22. Rb3 Ba5 23. Qf3 b6 24. Nd4 Qd7 25. Bb5 Qf7 26. Nc6 Ne3 27. Rfb1 Rde8 28. Nxa5 bxa5 29. Bxe8 Rxe8 30. Bxe3 1-0

[Event "Edmonton-ch"]
[Site "Edmonton CAN"]
[Date "2001.02.08"]
[Round "3"]
[White "Grumic, Sasha"]
[Black "Ottosen, David"]
[Result "1-0"]
[WhiteElo "2212"]
[BlackElo "2141"]
[PlyCount "57"]
[GameId "2160767911618751"]
[EventDate "2001.01.10"]
[EventType "swiss"]
[EventRounds "8"]
[EventCountry "CAN"]
[SourceTitle "EXT 2017"]
[Source "ChessBase"]
[SourceDate "2016.10.25"]
[SourceVersion "1"]
[SourceVersionDate "2016.10.25"]
[SourceQuality "1"]

1. e4 c6 2. d4 d5 3. e5 c5 4. Nf3 Nc6 5. c3 Bf5 6. Nh4 Bxb1 7. Rxb1 cxd4 8. cxd4 e6 9. Nf3 Qa5+ 10. Bd2 Bb4 11. Bd3 Bxd2+ 12. Nxd2 Nge7 13. O-O Nxd4 14. b4 Qc7 15. Qa4+ Kf8 16. Rbc1 Qxe5 17. Qd7 Ndc6 18. b5 Nd8 19. Rc7 Qf6 20. Rfc1 g6 21. Nf3 Nf5 22. Bxf5 gxf5 23. Qd6+ Kg7 24. Ne5 Rg8 25. Nd7 Qb2 26. R7c3 Qe2 27. Rg3+ Kh8 28. Rxg8+ Kxg8 29. Qf8# 1-0

[Event "Edmonton-ch"]
[Site "Edmonton CAN"]
[Date "2001.02.15"]
[Round "4"]
[White "Ottosen, David"]
[Black "Gardner, Robert"]
[Result "0-1"]
[WhiteElo "2141"]
[BlackElo "2375"]
[PlyCount "50"]
[GameId "2160767911618752"]
[EventDate "2001.01.10"]
[EventType "swiss"]
[EventRounds "8"]
[EventCountry "CAN"]
[SourceTitle "EXT 2017"]
[Source "ChessBase"]
[SourceDate "2016.10.25"]
[SourceVersion "1"]
[SourceVersionDate "2016.10.25"]
[SourceQuality "1"]

1. e4 c5 2. Nf3 Nc6 3. d4 cxd4 4. Nxd4 Nf6 5. Nc3 d6 6. Bg5 e6 7. Qd2 a6 8. f4 h6 9. Bxf6 Qxf6 10. e5 dxe5 11. Nxc6 bxc6 12. g3 exf4 13. O-O-O Bb4 14. Bg2 O-O 15. Bxc6 Bxc3 16. bxc3 Rb8 17. Qxf4 Qxf4+ 18. gxf4 Bb7 19. Rd6 Bxc6 20. Rxc6 Rfc8 21. Rxa6 Rxc3 22. Rf1 g6 23. a4 Rb4 24. h4 Ra3 25. h5 Ra1+ 0-1

[Event "Edmonton-ch"]
[Site "Edmonton CAN"]
[Date "2001.02.22"]
[Round "4"]
[White "Gardner, Robert"]
[Black "Ottosen, David"]
[Result "1/2-1/2"]
[WhiteElo "2375"]
[BlackElo "2141"]
[PlyCount "60"]
[GameId "2160767911618753"]
[EventDate "2001.01.10"]
[EventType "swiss"]
[EventRounds "8"]
[EventCountry "CAN"]
[SourceTitle "EXT 2017"]
[Source "ChessBase"]
[SourceDate "2016.10.25"]
[SourceVersion "1"]
[SourceVersionDate "2016.10.25"]
[SourceQuality "1"]

1. e4 d5 2. exd5 Nf6 3. d4 Bg4 4. Be2 Bxe2 5. Nxe2 Qxd5 6. O-O Nc6 7. c3 O-O-O 8. Nd2 e6 9. Qb3 Qf5 10. Nc4 g5 11. Be3 h5 12. Ng3 Qg6 13. Ne5 Nxe5 14. dxe5 Ng4 15. Qa4 Nxe3 16. Qxa7 Nd5 17. Qa8+ Kd7 18. Qxb7 Qd3 19. Rfd1 Qc4 20. Rd4 Qc6 21. Qxc6+ Kxc6 22. c4 Kc5 23. Rad1 Bg7 24. cxd5 Bxe5 25. Ne4+ Kb5 26. R4d3 Ra8 27. Rb3+ Kc4 28. Nd2+ Kc5 29. Ne4+ Kc4 30. Nd2+ Kc5 1/2-1/2

[Event "Edmonton-ch"]
[Site "Edmonton CAN"]
[Date "2001.02.28"]
[Round "8"]
[White "Klyashitsky, Alexander"]
[Black "MacKey, John"]
[Result "0-1"]
[WhiteElo "1660"]
[BlackElo "1735"]
[PlyCount "114"]
[GameId "2160767911618754"]
[EventDate "2001.01.10"]
[EventType "swiss"]
[EventRounds "8"]
[EventCountry "CAN"]

1. e4 c6 2. Nc3 d5 3. d4 dxe4 4. Nxe4 Bf5 5. Ng3 Bg6 6. h4 h6 7. h5 Bh7 8. Bd3 Qxd4 9. Nf3 Qd5 10. Bxh7 Qxd1+ 11. Kxd1 Rxh7 12. Rh4 Nd7 13. a4 Ngf6 14. c4 e6 15. Ke2 Bd6 16. Nf1 c5 17. a5 Rh8 18. N1d2 O-O-O 19. Nb3 Rhe8 20. Be3 e5 21. Ne1 e4 22. Nd2 Nb8 23. Bf4 Nc6 24. Nc2 Nd4+ 25. Nxd4 cxd4 26. Bxd6 Rxd6 27. b4 Kc7 28. Nb3 d3+ 29. Ke3 Re5 30. Rd1 Rde6 31. Rdh1 Nd7 32. Nd4 Re7 33. Nb5+ Kb8 34. Nc3 f5 35. Nd5 Rf7 36. Rd1 Nf6 37. Kf4 Re8 38. Ne3 Nd7 39. Nxf5 Re5 40. g4 Re6 41. Ke3 Nf6 42. Nd4 Re8 43. Nf5 Kc7 44. c5 Nd5+ 45. Kd4 Nxb4 46. Kc4 Nc6 47. Nd6 Ne5+ 48. Kc3 Ree7 49. Nxf7 Rxf7 50. Rf1 e3 51. Rhh1 e2 52. Rb1 Rxf2 53. Kd2 Kc6 54. Ke3 Rf7 55. Rbc1 Rd7 56. Rb1 Nc4+ 57. Kf3 Nd2+ 0-1

[Event "Estival juin"]
[Site "Montreal CAN"]
[Date "2001.06.30"]
[Round "1"]
[White "Bolduc, Steve"]
[Black "Poirier, Erik"]
[Result "1-0"]
[WhiteElo "2196"]
[BlackElo "1630"]
[PlyCount "93"]
[GameId "2160767911564451"]
[EventDate "2001.06.30"]
[EventType "swiss"]
[EventRounds "6"]
[EventCountry "CAN"]
[SourceTitle "hb 2011"]

1. d4 Nf6 2. c4 e6 3. Nc3 d5 4. Bg5 Be7 5. cxd5 exd5 6. e3 c6 7. Qc2 O-O 8. Bd3 Nbd7 9. Nge2 Re8 10. O-O Nf8 11. Rae1 Ne4 12. Bf4 f5 13. f3 Nxc3 14. bxc3 g6 15. e4 fxe4 16. fxe4 Ne6 17. Be5 Bd6 18. Bf6 Be7 19. e5 Nf8 20. h4 Bg4 21. Ng3 Bxf6 22. Rxf6 Nd7 23. Ref1 Nxf6 24. exf6 Re6 25. Qf2 Kf7 26. Qf4 Rxf6 27. Qxg4 Rxf1+ 28. Nxf1 Qf6 29. Nd2 Re8 30. Nf3 Kg7 31. h5 Re3 32. Ne5 Re1+ 33. Kh2 Rxe5 34. dxe5 Qxe5+ 35. g3 Qxc3 36. Bxg6 hxg6 37. Qxg6+ Kh8 38. h6 Qd2+ 39. Kh3 Qd4 40. g4 c5 41. g5 Qe5 42. Kg4 Qe4+ 43. Kh5 Qxg6+ 44. Kxg6 d4 45. Kf7 d3 46. g6 d2 47. g7+ 1-0

[Event "Estival juin"]
[Site "Montreal CAN"]
[Date "2001.06.30"]
[Round "2"]
[White "Khaziyeva, Dinara"]
[Black "Bolduc, Steve"]
[Result "0-1"]
[WhiteElo "2196"]
[BlackElo "1916"]
[PlyCount "41"]
[GameId "2160767911564452"]
[EventDate "2001.06.30"]
[EventType "swiss"]
[EventRounds "6"]
[EventCountry "CAN"]
[SourceTitle "hb 2011"]

1. e4 e5 2. Nf3 Nc6 3. Bb5 a6 4. Bxc6 dxc6 5. d4 exd4 6. Qxd4 Qxd4 7. Nxd4 c5 8. Ne2 Bd7 9. Be3 O-O-O 10. Nd2 f6 11. O-O-O g6 12. Nc3 Nh6 13. f3 Nf7 14. Nd5 f5 15. Rhe1 Bd6 16. f4 fxe4 17. Nxe4 Bc6 18. Nxd6+ Nxd6 19. Bxc5 Rde8 20. c4 Rxe1 21. Rxe1 0-1

[Event "Estival juin"]
[Site "Montreal CAN"]
[Date "2001.07.01"]
[Round "3"]
[White "Bolduc, Steve"]
[Black "Corriveau, Philippe"]
[Result "1-0"]
[WhiteElo "2196"]
[BlackElo "1835"]
[PlyCount "65"]
[GameId "2160767911564453"]
[EventDate "2001.06.30"]
[EventType "swiss"]
[EventRounds "6"]
[EventCountry "CAN"]
[SourceTitle "hb 2011"]

1. d4 Nf6 2. c4 e6 3. Nc3 Bb4 4. e3 b6 5. Nge2 Ne4 6. Qc2 Bb7 7. a3 Bxc3+ 8. Nxc3 f5 9. Nxe4 Bxe4 10. Qd2 Bb7 11. b4 d6 12. Bb2 O-O 13. f3 Nd7 14. Bd3 Qe7 15. O-O e5 16. Bc2 Rae8 17. Rae1 Qf7 18. Qc3 c5 19. dxc5 dxc5 20. Ba4 Re6 21. Rd1 Nf6 22. bxc5 bxc5 23. Rd2 e4 24. f4 Bc6 25. Bb5 Qe7 26. Rfd1 h6 27. h3 Kh7 28. a4 a6 29. Bxc6 Rxc6 30. Qa5 Qe6 31. Qc3 Rb8 32. Ba3 Rb7 33. a5 1-0

[Event "Estival juin"]
[Site "Montreal CAN"]
[Date "2001.07.01"]
[Round "4"]
[White "Saint-Pierre, Benoit"]
[Black "Bolduc, Steve"]
[Result "0-1"]
[WhiteElo "2278"]
[BlackElo "2196"]
[PlyCount "52"]
[GameId "2160767911564454"]
[EventDate "2001.06.30"]
[EventType "swiss"]
[EventRounds "6"]
[EventCountry "CAN"]
[SourceTitle "hb 2011"]

1. e4 e5 2. f4 Bc5 3. Nf3 d6 4. c3 Qe7 5. fxe5 dxe5 6. d4 exd4 7. cxd4 Qxe4+ 8. Kf2 Be7 9. Nc3 Qg4 10. Bc4 Be6 11. Qb3 Nd7 12. Nb5 Kd8 13. Re1 Nc5 14. Bxe6 Nxe6 15. Be3 Nf6 16. d5 Nc5 17. Bxc5 Bxc5+ 18. Kf1 Re8 19. d6 cxd6 20. Rad1 Rxe1+ 21. Rxe1 Qd7 22. Ng5 Qf5+ 23. Nf3 Ng4 24. Nxd6 Bxd6 25. Qxb7 Rb8 26. Qc6 Qb5+ 0-1

[Event "Estival juin"]
[Site "Montreal CAN"]
[Date "2001.07.02"]
[Round "5"]
[White "Bolduc, Steve"]
[Black "Soudre, Nicolas"]
[Result "1-0"]
[WhiteElo "2196"]
[BlackElo "2132"]
[PlyCount "63"]
[GameId "2160767911564455"]
[EventDate "2001.06.30"]
[EventType "swiss"]
[EventRounds "6"]
[EventCountry "CAN"]
[SourceTitle "hb 2011"]

1. d4 e6 2. c4 Nf6 3. Nc3 Bb4 4. e3 Bxc3+ 5. bxc3 O-O 6. Bd3 b6 7. Qf3 d5 8. cxd5 exd5 9. Ne2 Bb7 10. O-O Nbd7 11. Qh3 Re8 12. f3 Nf8 13. Bd2 Qd6 14. Rae1 Bc8 15. Qh4 Ng6 16. Qf2 Bb7 17. Ng3 c5 18. e4 Nf4 19. Bb5 c4 20. Bxf4 Qxf4 21. Bxe8 Rxe8 22. e5 Nd7 23. Qe3 Qxe3+ 24. Rxe3 g6 25. Rfe1 Re6 26. f4 b5 27. f5 gxf5 28. Nxf5 Nf8 29. Nd6 Bc6 30. Rf1 a5 31. a3 Nd7 32. Nxf7 1-0

[Event "Estival juin"]
[Site "Montreal CAN"]
[Date "2001.07.02"]
[Round "6"]
[White "Pitre, Francois"]
[Black "Bolduc, Steve"]
[Result "1/2-1/2"]
[WhiteElo "2149"]
[BlackElo "2196"]
[PlyCount "81"]
[GameId "2160767911564456"]
[EventDate "2001.06.30"]
[EventType "swiss"]
[EventRounds "6"]
[EventCountry "CAN"]
[SourceTitle "hb 2011"]

1. Nf3 d5 2. d4 e6 3. e3 Nf6 4. Bd3 c5 5. c3 Nbd7 6. Nbd2 Bd6 7. O-O O-O 8. Qe2 Qc7 9. e4 cxd4 10. cxd4 dxe4 11. Nxe4 Bf4 12. Nxf6+ Nxf6 13. Ne5 Bxc1 14. Raxc1 Qd6 15. Rfd1 Bd7 16. Ng4 Qf4 17. Nxf6+ gxf6 18. Qh5 f5 19. g3 Qg4 20. Qxg4+ fxg4 21. d5 exd5 22. Be4 dxe4 23. Rxd7 Rfd8 24. Re7 Rac8 25. Rxc8 Rxc8 26. Rxb7 Rc1+ 27. Kg2 Rc2 28. Kf1 a5 29. a4 Kg7 30. Rb5 Kg6 31. b4 axb4 32. Rxb4 f5 33. a5 Ra2 34. Rb6+ Kg5 35. a6 h5 36. Re6 h4 37. Ke1 h3 38. Kf1 e3 39. fxe3 Rxh2 40. Kg1 Ra2 41. Kh1 1/2-1/2

[Event "Fall Class op"]
[Site "Calgary CAN"]
[Date "2001.09.04"]
[Round "1"]
[White "MacFarlane, Donald"]
[Black "Borowski, Ted"]
[Result "1-0"]
[WhiteElo "1495"]
[BlackElo "1603"]
[PlyCount "29"]
[GameId "2160767911485322"]
[EventDate "2001.09.04"]
[EventType "tourn"]
[EventRounds "5"]
[EventCountry "CAN"]

1. e4 e5 2. f4 Qh4+ 3. g3 Qf6 4. Nf3 exf4 5. gxf4 Qxf4 6. d3 Qg4 7. Nc3 c6 8. Ne2 Nf6 9. Ng3 Bc5 10. Bg5 Qe6 11. Nf5 O-O 12. Bh3 Kh8 13. Qe2 g6 14. Nh6 Qxh3 15. Bxf6# 1-0

[Event "Fall Class op"]
[Site "Calgary CAN"]
[Date "2001.09.04"]
[Round "1"]
[White "Ward, Kevin"]
[Black "Pivovarov, Juraj"]
[Result "0-1"]
[WhiteElo "1723"]
[BlackElo "1755"]
[PlyCount "56"]
[GameId "2160767911485323"]
[EventDate "2001.09.04"]
[EventType "tourn"]
[EventRounds "5"]
[EventCountry "CAN"]

1. f4 c5 2. Nf3 Nc6 3. b3 Nf6 4. Bb2 e6 5. e3 Be7 6. Be2 b6 7. O-O Bb7 8. c4 O-O 9. a3 Re8 10. Qc2 d5 11. Ng5 d4 12. Bd3 g6 13. Rf3 Bf8 14. Rh3 Bg7 15. Rxh7 Nxh7 16. Nxf7 Qh4 17. h3 Qg3 18. Bf1 Kxf7 19. d3 Qxe3+ 20. Kh1 Qxf4 21. Nd2 Qf2 22. Qd1 Ne5 23. Bc1 Nxd3 24. Nf3 Qxf3 25. Qxf3+ Bxf3 26. Bxd3 Bc6 27. b4 e5 28. Bd2 e4 0-1

[Event "Fall Class op"]
[Site "Calgary CAN"]
[Date "2001.09.11"]
[Round "2"]
[White "Pivovarov, Juraj"]
[Black "Luyben, Norman"]
[Result "0-1"]
[WhiteElo "1755"]
[BlackElo "1732"]
[PlyCount "27"]
[GameId "2160767911485324"]
[EventDate "2001.09.04"]
[EventType "tourn"]
[EventRounds "5"]
[EventCountry "CAN"]

1. c4 g6 2. g3 Bg7 3. Bg2 f5 4. Nc3 Nf6 5. d3 d6 6. e4 fxe4 7. dxe4 Nc6 8. Nge2 Ne5 9. O-O Nxc4 10. Qa4+ c6 11. Qxc4 e6 12. Bg5 O-O 13. Rad1 Qc7 14. Nb5 0-1